| 000 | 01144cam a2200349 a 4500 | ||
|---|---|---|---|
| 001 | 13542041 | ||
| 003 | OSt | ||
| 005 | 20140310181726.0 | ||
| 008 | 040329s2005 nyuc b 001 0 eng | ||
| 010 | _a 2004047801 | ||
| 020 | _a0321276663 (pbk. : alk. paper) | ||
| 040 |
_aDLC _cDLC _dDLC |
||
| 050 | 0 | 0 |
_aPE 1417 _b.D622 2005 |
| 082 | 0 | 0 |
_aIB 808.0427 _bOn2 2005 |
| 245 | 0 | 0 |
_aOne hundred great essays / _cedited by Robert DiYanni. |
| 246 | 3 | _a100 great essays | |
| 250 | _a2nd ed. | ||
| 260 |
_aNew York : _bPearson Education, Inc., _cc2005. |
||
| 300 |
_axviii, 842 p. : _c21 cm. |
||
| 440 | 0 | _aPenguin academics | |
| 504 | _aIncludes bibliographical references and index. | ||
| 562 | _e1 | ||
| 650 | 0 | _aCollege readers. | |
| 650 | 0 |
_aEnglish language _xRhetoric _vProblems, exercises, etc. |
|
| 650 | 0 |
_aReport writing _vProblems, exercises, etc. |
|
| 650 | 0 | _aEssays. | |
| 700 | 1 | _aDiYanni, Robert. | |
| 906 |
_a7 _bcbc _corignew _d1 _eocip _f20 _gy-gencatlg |
||
| 942 |
_2lcc _cBK |
||
| 999 |
_c2216 _d2216 |
||